[Event "Interclubs Jeunes"]
[Site "Villepinte"]
[Date "19/12/2009"]
[Round "4.7"]
[White "Apap, Titouan"]
[Black "Mohammad, Fahim"]
[Result "0-1"]
[WhiteElo "1440"]
[BlackElo "1832"]
[WhiteTeam "Montpellier"]
[BlackTeam "Créteil"]

1. d4 d5 2. Bf4 c5 3. e3 Nf6 4. Nc3 Nc6 5. Nf3 Bg4 6. Nb5 Rc8 7. c4 cxd4 8.
Nbxd4 dxc4 9. Bxc4 Nxd4 10. Qa4+ Nc6 11. Nd4 e6 12. Nxc6 bxc6 13. Qxa7 Bb4+ 14.
Kf1 O-O 15. Ba6 Qa5 16. f3 Bf5 17. e4 Bg6 18. Be3 Ra8 19. Bb6 Qxa6+ 20. Qxa6
Rxa6 21. Bd4 Rd8 22. Rd1 c5 23. Rc1 Rxd4 24. a3 Bd2 25. Rxc5 Rad6 26. b4 h6 27.
e5 R6d5 28. exf6 Rxc5 29. bxc5 gxf6 30. Kf2 Rc4 31. Rd1 Ba5 32. Rd6 Rxc5 33.
Ra6 Bd3 34. Ra8+ Kg7 35. h4 Bb6 36. Ra4 Ra5+ 0-1

[Event "Interclubs Jeunes"]
[Site "Villepinte"]
[Date "19/12/2009"]
[Round "4.8"]
[White "Barbe Asensio, Cyrielle"]
[Black "Le, Quan Anh"]
[Result "0-1"]
[WhiteElo "1300"]
[BlackElo "1410"]
[WhiteTeam "Montpellier"]
[BlackTeam "Créteil"]

1. b3 e5 2. Bb2 Nc6 3. e3 Nf6 4. Bb5 d6 5. Bxc6+ bxc6 6. Ne2 Be7 7. d3 O-O 8.
O-O Nd7 9. Nd2 d5 10. c4 Bd6 11. Rc1 Qg5 12. Ng3 Nc5 13. Qh5 Qxh5 14. Nxh5 Nxd3
15. Rc2 Bf5 16. Ra1 Nf4 17. Rc3 Nxh5 18. f3 d4 19. Rcc1 dxe3 20. Ne4 Bxe4 21.
fxe4 Nf4 22. g3 Ne2+ 23. Kf1 Nxc1 24. Rxc1 f5 25. Ke2 Bc5 26. Bxe5 fxe4 27.
Bxc7 Rf2+ 28. Kd1 e2+ 29. Ke1 e3 30. Rc2 Bb4+ 31. Rc3 Bxc3# 0-1

[Event "Interclubs Jeunes"]
[Site "Villepinte"]
[Date "19/12/2009"]
[Round "4.9"]
[White "Le, Quan Anh"]
[Black "Apap, Titouan"]
[Result "1-0"]
[WhiteElo "1410"]
[BlackElo "1440"]
[WhiteTeam "Créteil"]
[BlackTeam "Montpellier"]

1. e4 d5 2. exd5 Qxd5 3. Nc3 Qa5 4. Bc4 Nf6 5. d3 c6 6. Bd2 Bf5 7. Qe2 e6 8.
Nd5 Qd8 9. Nxf6+ Qxf6 10. Bc3 Bb4 11. Qd2 Bxc3 12. Qxc3 e5 13. O-O-O O-O 14.
Nf3 Nd7 15. h3 Qh6+ 16. Kb1 e4 17. dxe4 Bxe4 18. Rxd7 Rad8 19. Rxb7 Bxf3 20.
gxf3 Qd6 21. Qd3 Qf6 22. Qc3 Qg5 23. a3 Rd2 24. h4 Qd8 25. Rg1 Rd1+ 26. Rxd1
Qxd1+ 27. Ka2 h6 28. Qd3 Qc1 29. Rxa7 Rb8 30. b3 Kh8 31. Rd7 g6 32. Rd8+ Rxd8
33. Qxd8+ Kg7 34. Qd4+ Kh7 35. Qb2 Qf4 36. a4 Qxf3 37. a5 Qxf2 38. a6 Qg1 39.
Qa3 Qd1 40. Bd3 Qh1 41. a7 Qxh4 42. a8=Q Qf6 43. Q3f8 h5 44. Qg8+ Kh6 45. Qh8+
Qxh8 46. Qxh8+ Kg5 47. Qe5+ Kh6 48. Be4 f5 49. Bxc6 h4 50. Qf4+ Kh5 51. Bf3#
1-0

[Event "Interclubs Jeunes"]
[Site "Villepinte"]
[Date "19/12/2009"]
[Round "4.10"]
[White "Mohammad, Fahim"]
[Black "Barbe Asensio, Cyrielle"]
[Result "1-0"]
[WhiteElo "1832"]
[BlackElo "1300"]
[WhiteTeam "Créteil"]
[BlackTeam "Montpellier"]

1. d4 b6 2. c4 Bb7 3. Nc3 e6 4. e4 Bb4 5. Qc2 Ne7 6. Nf3 O-O 7. Bd3 d6 8. O-O
Nd7 9. a3 Bxc3 10. Qxc3 Ng6 11. b4 Nf6 12. Re1 Re8 13. Bg5 h6 14. Bd2 Qe7 15.
a4 Rad8 16. a5 a6 17. axb6 cxb6 18. h3 Rc8 19. Qb3 Rcd8 20. Be3 Nxe4 21. Bxe4
Bxe4 22. Rxa6 Qb7 23. Rea1 Bxf3 24. gxf3 Qxf3 25. Kh2 Nh4 26. Rg1 Ra8 27. Rxa8
Rxa8 28. Qb2 Ra4 29. d5 g6 30. dxe6 fxe6 31. Bxh6 Qf7 32. Rg4 Nf5 33. Bf4 e5
34. Bg3 Nxg3 35. fxg3 Qg7 36. Qc2 Qa7 37. Qxg6+ Kf8 38. Qg8+ Ke7 39. Rg7+ Kf6
40. Qf8+ Ke6 41. Rxa7 Rxa7 42. Qg8+ Kf6 43. g4 e4 44. g5+ Kf5 45. Qd5+ Kf4 46.
g6 e3 47. Kg2 Rg7 48. Qf7+ Rxf7 49. gxf7 e2 50. Kf2 1-0

[Event "Interclubs Jeunes"]
[Site "Villepinte"]
[Date "19/12/2009"]
[Round "4.1"]
[White "Bouyssieres, Max"]
[Black "Saatdjian, Stephane"]
[Result "1/2-1/2"]
[WhiteElo "1707"]
[BlackElo "1991"]
[WhiteTeam "Toulouse C.E."]
[BlackTeam "A.E.C.E."]


1. e4 c5 2. Nf3 Nc6 3. d4 cxd4 4. Nxd4 g6 5. Be3 Bg7 6. Nc3 Nf6 7. Bc4 O-O 8.
Bb3 d6 9. h3 Bd7 10. O-O Rc8 11. f4 a6 12. Qf3 b5 13. Rad1 Nxd4 14. Bxd4 Bc6
15. f5 b4 16. Nd5 Nxd5 17. Bxg7 Kxg7 18. exd5 Bb5 19. Rfe1 a5 20. c3 bxc3 21.
bxc3 Qc7 22. Re3 Qa7 23. Kh2 gxf5 24. Rde1 Kh8 25. Rxe7 Qc5 26. c4 Bxc4 27.
Qxf5 Qd4 28. Bc2 Qg7 29. Qxc8 Rxc8 30. Re8+ Qg8 31. Rxg8+ Kxg8 32. Bb3 Bxb3 33.
axb3 Rc5 34. Rd1 Rb5 35. Rd3 Kg7 36. g4 Kf6 37. Rf3+ Kg6 38. Rd3 f5 39. Kg3 Kf6
40. h4 fxg4 41. Kxg4 Ke5 42. Kg5 Ke4 43. Rc3 Kxd5 44. Kh6 Rb7 45. h5 Ke5 46.
Rg3 d5 47. Rg7 Rxg7 48. Kxg7 Ke6 49. Kxh7 Kf6 50. b4 axb4 51. h6 Kf7 52. Kh8 b3
53. h7 b2 1/2-1/2

[Event "Interclubs Jeunes"]
[Site "Villepinte"]
[Date "19/12/2009"]
[Round "4.2"]
[White "Msellek, Ilyass"]
[Black "Jouanneau, Armand"]
[Result "1-0"]
[WhiteElo "1970"]
[BlackElo "1815"]
[WhiteTeam "A.E.C.E."]
[BlackTeam "Toulouse C.E."]

1. e4 e5 2. Nf3 Nc6 3. Bb5 a6 4. Ba4 Nf6 5. O-O b5 6. Bb3 Be7 7. Re1 d6 8. h3
O-O 9. c3 Na5 10. Bc2 c5 11. d4 Qc7 12. Nbd2 Bd7 13. d5 Rfb8 14. b3 Nb7 15. Nf1
a5 16. a4 c4 17. bxc4 bxa4 18. N1d2 Nc5 19. Ba3 Rb7 20. Bxc5 Qxc5 21. Bxa4 Bxa4
22. Qxa4 Bd8 23. Re2 Rab8 24. Ne1 Rb2 25. Nd3 Rxd2 26. Rxd2 Qc8 27. c5 Be7 28.
c6 Bd8 29. Qc4 Rb6 30. Rb2 Rxb2 31. Nxb2 Qb8 32. Na4 Be7 33. Qa2 Nxe4 34. Qb1
Qxb1+ 35. Rxb1 Nf6 36. Rb7 Ne8 37. Nb6 Kf8 38. Na8 Bd8 39. c7 Nxc7 40. Nxc7 a4
41. Nb5 Ba5 42. Ra7 1-0

[Event "Interclubs Jeunes"]
[Site "Villepinte"]
[Date "19/12/2009"]
[Round "4.3"]
[White "Dupouy, Francois"]
[Black "Ralaivao, Maxence"]
[Result "0-1"]
[WhiteElo "1813"]
[BlackElo "1803"]
[WhiteTeam "Toulouse C.E."]
[BlackTeam "A.E.C.E."]

1. e4 c5 2. Nf3 d6 3. d4 cxd4 4. Nxd4 Nf6 5. Nc3 Nc6 6. Bg5 e5 7. Ndb5 a6 8.
Na3 Be7 9. Bxf6 Bxf6 10. Nd5 b5 11. c3 O-O 12. Nc2 Bg5 13. Bd3 Ne7 14. h4 Nxd5
15. exd5 Bh6 16. g4 Bf4 17. g5 f5 18. Ne3 Bxe3 19. fxe3 e4 20. Be2 Qb6 21. Qd2
Bb7 22. O-O-O Rac8 23. h5 Rc5 24. Qd4 Qc7 25. h6 g6 26. b4 Rxd5 27. Qg7+ Qxg7
28. hxg7 Rxd1+ 29. Rxd1 Rd8 30. c4 Bc6 31. cxb5 axb5 32. Kb2 f4 33. exf4 d5 34.
Rc1 Rd6 35. Rc5 d4 36. Bxb5 Bxb5 37. Rxb5 d3 38. Kc1 e3 39. Re5 d2+ 40. Kd1 Rd3
41. b5 Rc3 42. Rxe3 Rxe3 43. Kxd2 Ra3 44. Kc2 Rxa2+ 45. Kb3 Ra8 46. Kc4 Kxg7
47. Kd5 Kf7 48. b6 Rd8+ 49. Kc6 Ke6 0-1

[Event "Interclubs Jeunes"]
[Site "Villepinte"]
[Date "19/12/2009"]
[Round "4.4"]
[White "Stark, Gabriel"]
[Black "Wassen, Antoine"]
[Result "0-1"]
[WhiteElo "1708"]
[BlackElo "1668"]
[WhiteTeam "A.E.C.E."]
[BlackTeam "Toulouse C.E."]

1. d4 d5 2. c4 c6 3. Nc3 Nf6 4. Nf3 e6 5. Bg5 Nbd7 6. e3 Be7 7. Bd3 dxc4 8.
Bxc4 b5 9. Bb3 Bb7 10. O-O O-O 11. Qd3 a6 12. Bc2 c5 13. e4 c4 14. Qd2 b4 15.
Nd1 Nxe4 16. Bxe4 Bxe4 17. Bxe7 Qxe7 18. Ne3 Rac8 19. Rfc1 Bxf3 20. gxf3 Nb6
21. Rc2 Qg5+ 22. Kh1 Nd5 23. Nxd5 Qxd5 24. Kg2 a5 25. Re1 f6 26. Qe2 Rc6 27.
Qe4 Rd8 28. Rd1 e5 29. Rcd2 Qxe4 30. fxe4 exd4 31. Rxd4 Rxd4 32. Rxd4 c3 33.
bxc3 bxc3 34. Rd1 c2 35. Rc1 Rc3 36. Kf1 Rc4 37. f3 Kf7 38. Ke2 Rc3 39. Kd2
Rxf3 40. Kxc2 Re3 41. Kb2 Rxe4 42. Rc5 Re5 43. Rc2 g5 44. Ka3 h5 45. Rf2 Kg6
46. Kb3 g4 47. Kc4 h4 48. Kd4 Kg5 49. Rg2 Rb5 50. Ke4 f5+ 51. Kd3 f4 52. Rg1 g3
53. hxg3 fxg3 54. Ke2 Rf5 55. Rg2 Kg4 56. Rg1 h3 57. Rd1 g2 58. Rd4+ Rf4 59.
Rd1 h2 0-1

[Event "Interclubs Jeunes"]
[Site "Villepinte"]
[Date "19/12/2009"]
[Round "4.5"]
[White "Jouanneau, Gatien"]
[Black "Stark, Antoine"]
[Result "1-0"]
[WhiteElo "1590"]
[BlackElo "1676"]
[WhiteTeam "Toulouse C.E."]
[BlackTeam "A.E.C.E."]

1. e4 c5 2. Nc3 d6 3. Bc4 Nf6 4. d3 g6 5. Bg5 Bg7 6. Nf3 O-O 7. O-O Nc6 8. Re1
Qc7 9. Re3 Nd4 10. Bxf6 Bxf6 11. Nd5 Nxf3+ 12. Qxf3 Qd8 13. Nxf6+ exf6 14. Rae1
Be6 15. Bxe6 fxe6 16. Qh3 Qe7 17. Rg3 Qf7 18. c4 Rae8 19. f4 f5 20. e5 dxe5 21.
Rxe5 Qd7 22. Qh6 Qd4+ 23. Kf1 Re7 24. b3 Qa1+ 25. Re1 Qxa2 26. h4 Rf6 27. h5
Rg7 28. Qg5 Kf7 29. h6 Rg8 30. Re5 Qb1+ 31. Kf2 Qc2+ 32. Kg1 Qxb3 33. Rxc5 Qb6
34. d4 a5 35. Rd3 Rf8 36. Rb5 Qc6 37. d5 Qxc4 38. dxe6+ Rxe6 39. Rxb7+ Kg8 40.
Rdd7 Re1+ 41. Kh2 1-0

[Event "Interclubs Jeunes"]
[Site "Villepinte"]
[Date "19/12/2009"]
[Round "4.6"]
[White "Boudia, Samy"]
[Black "Bertrand, Marin"]
[Result "1-0"]
[WhiteElo "1633"]
[BlackElo "1530"]
[WhiteTeam "A.E.C.E."]
[BlackTeam "Toulouse C.E."]

1. d4 d5 2. c4 e6 3. Nc3 Nf6 4. Bg5 Be7 5. e3 c6 6. Nf3 Nbd7 7. cxd5 exd5 8.
Bd3 O-O 9. O-O Re8 10. Qe2 Qc7 11. Rac1 Bd6 12. Bb1 h6 13. Bh4 b6 14. Nb5 Qb7
15. Nxd6 Qc7 16. Nxe8 Nxe8 17. Qc2 Ndf6 18. Qxc6 Qxc6 19. Rxc6 Bd7 20. Rc3 Nd6
21. Bxf6 gxf6 22. Rc7 Bb5 23. Rfc1 Kg7 24. Nh4 Bc4 25. b3 Bb5 26. Nf5+ Nxf5 27.
Bxf5 Rd8 28. Rxa7 h5 29. Be6 Be8 30. Rcc7 Kg6 31. Bxf7+ Bxf7 32. Rxf7 1-0

[Event "Interclubs Jeunes"]
[Site "Villepinte"]
[Date "20/12/2009"]
[Round "5.1"]
[White "Gelin, Baptiste"]
[Black "Thon, Gabriel"]
[Result "0-1"]
[WhiteElo "1912"]
[BlackElo "2107"]
[WhiteTeam "Créteil"]
[BlackTeam "Lyon"]

1. e4 c5 2. Nc3 e6 3. Nf3 a6 4. g3 Nc6 5. d4 cxd4 6. Nxd4 d6 7. Bg2 Be7 8. O-O
Nf6 9. Kh1 Bd7 10. f4 Qc7 11. Be3 h5 12. f5 Ne5 13. Nf3 Neg4 14. Bg5 Bc6 15.
Nd4 e5 16. Nxc6 bxc6 17. Qe2 Nxh2 18. Bxf6 Nxf1 19. Bxe5 h4 20. Rxf1 hxg3+ 0-1

[Event "Interclubs Jeunes"]
[Site "Villepinte"]
[Date "20/12/2009"]
[Round "5.2"]
[White "Gueriche, Guillaume"]
[Black "Loiseau, Quentin"]
[Result "1-0"]
[WhiteElo "2035"]
[BlackElo "2185"]
[WhiteTeam "Lyon"]
[BlackTeam "Créteil"]

1. d4 Nf6 2. Nf3 g6 3. c4 Bg7 4. Nc3 O-O 5. e4 d6 6. Be2 a5 7. O-O Na6 8. a3
Bd7 9. Rb1 c5 10. e5 Ng4 11. exd6 exd6 12. h3 Nh6 13. Bg5 f6 14. Bxh6 Bxh6 15.
dxc5 dxc5 16. Qd5+ Rf7 17. Rbd1 Qe8 18. Ne4 Be6 19. Qd6 Bf8 20. Qf4 Kg7 21.
Rfe1 Qb8 22. Qh4 Be7 23. Bd3 Nc7 24. Ng3 Ra6 25. Re3 Qd8 26. Rde1 Rd6 27. Bc2
h6 28. Qe4 f5 29. Qf4 Bf6 30. h4 Bc8 31. Ng5 Bxg5 32. hxg5 Kg8 33. Ba4 Ne6 34.
Qh4 f4 35. Rxe6 Rxe6 36. Rxe6 Bxe6 37. Ne4 Qb8 38. Nf6+ Kh8 39. Bc2 Bf5 40.
Bxf5 gxf5 41. g6 Rh7 42. Nxh7 Qe5 43. Nf6 1-0

[Event "Interclubs Jeunes"]
[Site "Villepinte"]
[Date "20/12/2009"]
[Round "5.3"]
[White "Rouffignac, Tanguy"]
[Black "Malka, Samuel"]
[Result "1-0"]
[WhiteElo "1885"]
[BlackElo "1919"]
[WhiteTeam "Créteil"]
[BlackTeam "Lyon"]

1. e4 c5 2. Nc3 d6 3. Nf3 Nf6 4. d4 cxd4 5. Nxd4 g6 6. Be3 Bg7 7. f3 Nc6 8. Qd2
h5 9. Bc4 Bd7 10. O-O-O Rc8 11. Bb3 Na5 12. Kb1 a6 13. Bg5 Nc4 14. Bxc4 Rxc4
15. Nb3 Qc8 16. Rhe1 Rxc3 17. Qxc3 Qxc3 18. bxc3 Nh7 19. Bd2 O-O 20. Kb2 Rc8
21. Nd4 Kf8 22. Be3 e6 23. Ne2 Ke7 24. Bd4 e5 25. Be3 Be6 26. Rd2 Rc6 27. Red1
Bf6 28. Rxd6 Bg5 29. Rxc6 Bxe3 30. Rc7+ Kf6 31. Rxb7 Ng5 32. Rc7 h4 33. h3 Bf2
34. Rf1 Be3 35. c4 Nxh3 36. gxh3 Bxh3 37. Rh1 Bg2 38. Rxh4 g5 39. Rh7 1-0

[Event "Interclubs Jeunes"]
[Site "Villepinte"]
[Date "20/12/2009"]
[Round "5.4"]
[White "Bombail, Leonard"]
[Black "Pruvot, Louis"]
[Result "1-0"]
[WhiteElo "1729"]
[BlackElo "1881"]
[WhiteTeam "Lyon"]
[BlackTeam "Créteil"]

1. b3 Nf6 2. Bb2 d5 3. e3 c5 4. Bb5+ Bd7 5. Bxd7+ Qxd7 6. f4 Nc6 7. Nf3 e6 8.
O-O Bd6 9. Qe1 O-O-O 10. Ne5 Qc7 11. Nxc6 Qxc6 12. d3 Qc7 13. Qg3 Rhg8 14. Nd2
Nd7 15. e4 f6 16. Qf3 dxe4 17. Qxe4 e5 18. Nc4 exf4 19. Nxd6+ Qxd6 20. Qxf4 Qc6
21. Rae1 Rde8 22. Qg4 Rxe1 23. Rxe1 Kd8 24. Qh5 Ne5 25. Bxe5 fxe5 26. Rxe5 Rf8
27. Qg5+ Rf6 28. Qxg7 Qd6 29. Qg8+ Kc7 30. Qd5 Qxd5 31. Rxd5 Kc6 32. Rh5 Rf7
33. Rh3 Kd5 34. c3 b5 35. Rf3 Re7 36. Kf2 a5 37. Rf4 b4 38. c4+ Kd6 39. d4 cxd4
40. Rxd4+ Ke6 41. Re4+ Kd7 42. Rxe7+ Kxe7 1-0

[Event "Interclubs Jeunes"]
[Site "Villepinte"]
[Date "20/12/2009"]
[Round "5.5"]
[White "Guo, Louis"]
[Black "Guedon, Sosthene"]
[Result "0-1"]
[WhiteElo "1557"]
[BlackElo "1607"]
[WhiteTeam "Créteil"]
[BlackTeam "Lyon"]

1. e4 c5 2. Nf3 d6 3. d4 cxd4 4. Nxd4 Nf6 5. Nc3 g6 6. Be3 Bg7 7. f3 Nc6 8. Bc4
O-O 9. Qd2 Bd7 10. O-O-O Rc8 11. Kb1 Nxd4 12. Bxd4 Rxc4 13. g4 Nxe4 14. Qe2
Rxd4 15. Nxe4 Rxd1+ 16. Rxd1 Qb6 17. c3 Bc6 18. Ka1 Rc8 19. Nd2 Ba4 20. Rc1 Bb5
21. Qe4 a5 22. h4 a4 23. a3 e6 24. g5 d5 25. Qg4 Qf2 0-1

[Event "Interclubs Jeunes"]
[Site "Villepinte"]
[Date "20/12/2009"]
[Round "5.6"]
[White "Caslani, Nicolas"]
[Black "Guerlach, Keigo"]
[Result "0-1"]
[WhiteElo "1555"]
[BlackElo "1640"]
[WhiteTeam "Lyon"]
[BlackTeam "Créteil"]

1. e4 e5 2. Nf3 Nf6 3. Nxe5 d6 4. Nf3 Nxe4 5. Nc3 Nxc3 6. dxc3 Be7 7. Be3 Nc6
8. Qd2 Be6 9. O-O-O Qd7 10. Kb1 Bf6 11. h3 O-O-O 12. g4 h6 13. Bg2 Kb8 14. Nd4
Nxd4 15. cxd4 Qb5 16. b3 d5 17. Bf1 Qc6 18. Kb2 Rhe8 19. a4 a6 20. Ra1 Bd7 21.
Bd3 Qb6 22. c3 a5 23. g5 hxg5 24. Bxg5 g6 25. h4 Bxg5 26. Qxg5 Be6 27. h5 gxh5
28. Rxh5 Rg8 29. Qh4 Rde8 30. Rh6 Qd6 31. Bh7 Rh8 32. Re1 Qd8 33. Qf4 Qd6 34.
Qh4 Qd8 35. Qf4 Qd6 36. Qf6 Qd8 37. Qg7 Qd6 38. Bf5 Rxh6 39. Qxh6 Qd7 40. Bxe6
Rxe6 41. Rxe6 Qxe6 42. Qxe6 fxe6 43. Kc2 Kc8 44. Kd3 Kd7 45. Ke3 Ke7 46. b4 b6
47. b5 Kd6 48. Kd3 Ke7 49. c4 Kd6 50. cxd5 exd5 51. f4 c6 52. f5 cxb5 53. axb5
Ke7 54. Ke3 Kf6 55. Kd3 Kxf5 56. Ke3 Kg4 57. Kd3 Kf3 58. Kc3 Ke3 59. Kb3 Kxd4
0-1

[Event "Interclubs Jeunes"]
[Site "Villepinte"]
[Date "20/12/2009"]
[Round "5.7"]
[White "Mohammad, Fahim"]
[Black "Larraufie, Tom"]
[Result "1-0"]
[WhiteElo "1832"]
[BlackElo "1380"]
[WhiteTeam "Créteil"]
[BlackTeam "Lyon"]

1. d4 d5 2. c4 dxc4 3. Nf3 Nc6 4. Nc3 e5 5. d5 Nb4 6. Nxe5 a6 7. a3 Bd6 8. Nxc4
b5 9. Nxd6+ Qxd6 10. axb4 Qxb4 11. e4 Ne7 12. Bxb5+ Bd7 13. Bxd7+ Kxd7 14. Qa4+
Qxa4 15. Rxa4 Rhd8 16. Bf4 Ke8 17. Bxc7 Rdc8 18. d6 Nc6 19. Nd5 Ra7 20. Nb6
Rcxc7 21. dxc7 Rxc7 22. Rxa6 Nb4 23. Ra8+ Ke7 24. Ke2 Rc2+ 25. Ke3 Rxb2 26.
Nd5+ Nxd5+ 27. exd5 Rb3+ 28. Kf4 Kf6 29. Ra6+ Ke7 30. Re1+ Kd7 31. d6 Rb4+ 32.
Re4 g5+ 33. Kf5 Rb5+ 34. Re5 Rb8 35. Re7+ Kd8 36. Rxf7 Rb5+ 37. Kf6 Rb8 38.
Rf8+ Kd7 39. Rxb8 h6 40. Rb7+ Kc8 41. Rh7 Kb8 42. Raa7 h5 43. Rae7 1-0

[Event "Interclubs Jeunes"]
[Site "Villepinte"]
[Date "20/12/2009"]
[Round "5.8"]
[White "Le, Quan Anh"]
[Black "Mestrallet, Ivan"]
[Result "1-0"]
[WhiteElo "1410"]
[BlackElo "1540"]
[WhiteTeam "Créteil"]
[BlackTeam "Lyon"]

1. e4 e5 2. Nf3 Nc6 3. Bc4 Bc5 4. Nc3 Nf6 5. d3 h6 6. Bd2 d6 7. Qe2 Bg4 8. h3
Bh5 9. g4 Bg6 10. Be3 Bb6 11. O-O-O Nd4 12. Bxd4 exd4 13. Nd5 c6 14. Nxf6+ Qxf6
15. e5 Qf4+ 16. Kb1 dxe5 17. Qxe5+ Qxe5 18. Nxe5 Bc7 19. Nxg6 fxg6 20. Rhe1+
Kd8 21. Bf7 g5 22. Re2 Kc8 23. Rde1 Rb8 24. Re8+ Rxe8 25. Rxe8+ Kd7 26. Rxb8
Bxb8 27. b3 Kd6 28. Kb2 Ke5 29. Bg6 Bd6 30. Be4 Bb4 31. a3 Be1 32. f3 Kf4 33.
b4 Kg3 34. Kb3 Kxh3 35. Kc4 Bf2 36. Kc5 Kg2 37. Kd6 Bg3+ 38. Kd7 Kf2 39. Kc8 b6
40. Bxc6 g6 41. Kb7 h5 42. Kxa7 Ke2 43. Kxb6 Kd2 44. a4 Kxc2 45. Be4 Kb3 46. a5
h4 47. a6 h3 48. a7 h2 49. f4 gxf4 50. a8=Q Kc2 51. Bxg6 Kd2 52. Qh1 Ke3 53.
Be4 Kd2 54. g5 Kc3 55. g6 Kxb4 56. g7 Kc3 57. g8=Q Kd2 58. Qg2+ Ke3 59. Q8xg3+
fxg3 1-0

[Event "Interclubs Jeunes"]
[Site "Villepinte"]
[Date "20/12/2009"]
[Round "5.9"]
[White "Mestrallet, Ivan"]
[Black "Mohammad, Fahim"]
[Result "0-1"]
[WhiteElo "1540"]
[BlackElo "1832"]
[WhiteTeam "Lyon"]
[BlackTeam "Créteil"]

1. e4 c5 2. Nf3 d6 3. d4 cxd4 4. Nxd4 Nf6 5. Nc3 g6 6. Be2 Bg7 7. Bg5 O-O 8.
O-O Nc6 9. Nb3 Bd7 10. Kh1 a6 11. f4 Qc8 12. Qe1 Ng4 13. Bxg4 Bxg4 14. h3 Bd7
15. Nd5 Qd8 16. c3 f6 17. Bh4 e6 18. Ne3 Qe8 19. Rd1 Qb8 20. Qd2 Rd8 21. Qxd6
Qc8 22. Qd2 e5 23. fxe5 Bxh3 24. Qe1 Nxe5 25. Bxf6 Rxd1 26. Qxd1 Bxf6 27. Rxf6
Be6 28. Qd6 Ng4 29. Nxg4 Bxg4 30. Qe7 Qd7 31. Qxd7 Bxd7 32. Nc5 Bc6 33. e5 Re8
34. e6 Re7 35. c4 a5 36. b3 Kg7 37. Rf4 b6 38. Na4 Bxa4 39. bxa4 Rxe6 40. Rf2
Rc6 41. Rc2 Kf6 42. Kg1 Ke5 43. Kf2 Kd4 44. Ke2 Rxc4 45. Rd2+ Kc3 46. Rd7 Rxa4
47. Rxh7 Rxa2+ 48. Kf3 Rd2 49. Ra7 Kb4 50. Rb7 b5 51. Rb6 g5 52. Rg6 Rd5 53.
Kg4 a4 54. Rxg5 Rxg5+ 55. Kxg5 a3 56. g4 a2 57. Kf6 a1=Q+ 58. Kf5 Kc4 59. g5 b4
60. g6 b3 61. Ke6 Qg7 62. Kd6 b2 63. Ke6 b1=Q 64. Kd6 Qb6# 0-1

[Event "Interclubs Jeunes"]
[Site "Villepinte"]
[Date "20/12/2009"]
[Round "5.10"]
[White "Larraufie, Tom"]
[Black "Le, Quan Anh"]
[Result "0-1"]
[WhiteElo "1380"]
[BlackElo "1410"]
[WhiteTeam "Lyon"]
[BlackTeam "Créteil"]

1. e4 e5 2. Nf3 Nc6 3. Bb5 Nf6 4. Nc3 d6 5. Bxc6+ bxc6 6. d3 c5 7. Bg5 Be7 8.
Qe2 O-O 9. O-O-O Rb8 10. Rhe1 c6 11. Bxf6 Bxf6 12. Qe3 h6 13. b3 Bg4 14. h3
Bxf3 15. Qxf3 Bg5+ 16. Kb1 Qa5 17. Kb2 Qb6 18. Na4 Qb4 19. Ka1 Bd2 20. Re2 Bc3+
21. Nxc3 Qxc3+ 22. Kb1 a5 23. a4 Qb4 24. Kc1 Qa3+ 25. Kd2 Qb4+ 26. Ke3 Qd4+ 27.
Kd2 Qb4+ 28. Ke3 Qd4+ 29. Kd2 Qb2 30. Qg4 Rxb3 31. Rb1 Qc3+ 32. Kc1 Rxb1+ 33.
Kxb1 Qb4+ 34. Kc1 Qxa4 35. Re3 Qa3+ 36. Kd2 Qb4+ 37. Kc1 a4 38. Rg3 g6 39. Qd1
a3 40. Qh5 Qe1+ 41. Qd1 Qxd1+ 42. Kxd1 a2 43. Kd2 a1=Q 44. h4 Qh1 45. h5 Qxh5
46. Rh3 Qg5+ 47. Ke2 h5 48. Rg3 Qc1 49. Rg5 Qxg5 50. f4 Qxg2+ 0-1

[Event "Interclubs Jeunes"]
[Site "Villepinte"]
[Date "20/12/2009"]
[Round "5.1"]
[White "Saatdjian, Stephane"]
[Black "Giroyan, Gary"]
[Result "1/2-1/2"]
[WhiteElo "1991"]
[BlackElo "2181"]
[WhiteTeam "A.E.C.E."]
[BlackTeam "Cannes"]

1. e4 c5 2. Nf3 e6 3. d4 cxd4 4. Nxd4 a6 5. Bd3 Bc5 6. Nb3 Be7 7. Qg4 g6 8. Qe2
d6 9. a4 b6 10. Na3 Nd7 11. Be3 Qc7 12. Nc4 Bb7 13. a5 b5 14. Nb6 Rb8 15. O-O
Ngf6 16. f3 d5 17. exd5 Nxd5 18. Bd4 N5f6 19. Qe1 1/2-1/2

[Event "Interclubs Jeunes"]
[Site "Villepinte"]
[Date "20/12/2009"]
[Round "5.2"]
[White "Neri, Jean-Baptiste"]
[Black "Louvrier Saint-Mary, Dimitri"]
[Result "1-0"]
[WhiteElo "2011"]
[BlackElo "1580"]
[WhiteTeam "Cannes"]
[BlackTeam "A.E.C.E."]

1. e4 e6 2. d4 d5 3. Nc3 Bb4 4. e5 c5 5. a3 cxd4 6. Qxd4 Ba5 7. Bd2 Nc6 8. Bb5
Bd7 9. Bxc6 bxc6 10. b4 Bb6 11. Qg4 Ne7 12. Na4 Bc7 13. Qe2 Ng6 14. f4 a5 15.
Qd1 f6 16. exf6 Qxf6 17. Ne2 O-O 18. Nc5 Be8 19. O-O axb4 20. Bxb4 e5 21. f5
Nh4 22. Ng3 Bd6 23. Nce4 Qh6 24. Bd2 dxe4 25. Bxh6 Bc5+ 26. Kh1 gxh6 27. Qg4+
Kh8 28. Qxh4 1-0

[Event "Interclubs Jeunes"]
[Site "Villepinte"]
[Date "20/12/2009"]
[Round "5.3"]
[White "Msellek, Ilyass"]
[Black "Lamard, Guillaume"]
[Result "0-1"]
[WhiteElo "1970"]
[BlackElo "2117"]
[WhiteTeam "A.E.C.E."]
[BlackTeam "Cannes"]

1. e4 c5 2. Nf3 e6 3. b3 Nc6 4. Bb2 a6 5. g3 Nf6 6. e5 Nd5 7. Bg2 Be7 8. O-O
O-O 9. a4 b6 10. Na3 Bb7 11. Re1 Qc7 12. h4 f5 13. Nh2 Nd8 14. f4 Nf7 15. c3
Bc6 16. d3 Rfb8 17. Nc2 b5 18. a5 Nd8 19. c4 bxc4 20. dxc4 Nb4 21. Nxb4 Rxb4
22. Bc3 Rb7 23. Bf1 Rab8 24. Ra3 Be4 25. Nf3 Nc6 26. Nd2 Nd4 27. Bxd4 cxd4 28.
Ra1 Bc6 29. Bd3 Bb4 30. Re2 Bxa5 31. Rb1 Bc3 32. g4 g6 33. g5 Rb4 34. Bc2 Qb6
35. Kf1 d3 36. Bxd3 Qd4 37. Bc2 Qxf4+ 38. Rf2 Qxh4 39. Nf3 Bxf3 40. Qxf3 Bxe5
41. Rd1 R8b7 42. Re2 Bg7 43. Red2 Qxg5 44. Rxd7 Rxd7 45. Rxd7 f4 46. Rd1 Rb8
47. Re1 Qg3 48. Qe4 f3 0-1

[Event "Interclubs Jeunes"]
[Site "Villepinte"]
[Date "20/12/2009"]
[Round "5.4"]
[White "Haussernot, Cecile"]
[Black "Ralaivao, Maxence"]
[Result "1-0"]
[WhiteElo "1949"]
[BlackElo "1803"]
[WhiteTeam "Cannes"]
[BlackTeam "A.E.C.E."]

1. e4 c5 2. Nc3 d6 3. g3 Nc6 4. Bg2 g6 5. d3 Bg7 6. h3 Nf6 7. f4 O-O 8. Nge2
Rb8 9. O-O b5 10. g4 Nd4 11. Nxd4 cxd4 12. Ne2 e5 13. f5 Nd7 14. Ng3 f6 15. h4
Rf7 16. Bd2 Nf8 17. Qf3 g5 18. Kf2 h6 19. Ke2 Nh7 20. hxg5 fxg5 21. Nh5 Nf6 22.
Nxg7 Kxg7 23. Rh1 Ng8 24. Rh5 Kf8 25. Qg3 Qf6 26. Bb4 Ke8 27. Rhh1 Bd7 28. Rac1
Ra8 29. Bd2 a5 30. c3 dxc3 31. Rxc3 b4 32. Rc7 Qd8 33. Rhc1 Rf6 34. Be3 Rb8 35.
Qf2 Qe7 36. Ba7 Ra8 37. Qb6 d5 38. Qb7 Rd8 39. Qxd5 Rf7 40. R7c5 Nf6 41. Qxe5
Qxe5 42. Rxe5+ Kf8 43. Rxa5 Nxg4 44. Bc5+ Kg8 45. Bf3 Nf6 1-0

[Event "Interclubs Jeunes"]
[Site "Villepinte"]
[Date "20/12/2009"]
[Round "5.5"]
[White "Stark, Gabriel"]
[Black "Froment, Theophile"]
[Result "0-1"]
[WhiteElo "1708"]
[BlackElo "1834"]
[WhiteTeam "A.E.C.E."]
[BlackTeam "Cannes"]

1. d4 Nf6 2. c4 g6 3. Nc3 d5 4. Nf3 Bg7 5. Bg5 Ne4 6. Bf4 Nxc3 7. bxc3 dxc4 8.
Qa4+ Qd7 9. Qxc4 Nc6 10. e3 O-O 11. Be2 Re8 12. Rd1 b6 13. Ne5 Nxe5 14. dxe5
Qe6 15. Qxc7 Qxa2 16. Bc4 Qb2 17. O-O Bf5 18. Bd5 Rac8 19. Qxa7 Rxc3 20. e4 Be6
21. Bxe6 fxe6 22. Rb1 Qc2 23. Qxb6 Qxe4 24. Qxe6+ Kh8 25. Bg3 Qf5 26. Qd5 Rd3
27. Qa5 Red8 28. Qc7 R3d7 29. Qc5 Qxb1 30. h3 Rd1 31. Bf4 Rxf1+ 32. Kh2 Qf5 33.
Bg3 Rdd1 0-1

[Event "Interclubs Jeunes"]
[Site "Villepinte"]
[Date "20/12/2009"]
[Round "5.6"]
[White "Meunier, Clement"]
[Black "Boudia, Samy"]
[Result "1-0"]
[WhiteElo "1813"]
[BlackElo "1633"]
[WhiteTeam "Cannes"]
[BlackTeam "A.E.C.E."]

1. e4 e6 2. d4 d5 3. Nc3 Nf6 4. Bg5 Be7 5. e5 Nfd7 6. h4 f6 7. Qh5+ g6 8. exf6
Nxf6 9. Qf3 O-O 10. Nh3 Kg7 11. O-O-O Nc6 12. Qe3 Ng8 13. Nf4 h6 14. Bxe7 Qxe7
15. Bd3 Rf6 16. Qg3 Qf7 17. Nh5+ Kh7 18. Nxf6+ Qxf6 19. h5 Nce7 20. Qxc7 Kh8
21. hxg6 Nxg6 22. Rh3 N6e7 23. Rdh1 e5 24. Rf3 Qg5+ 25. Kb1 e4 26. Rg3 Qf6 27.
Be2 Nf5 28. Nxd5 Qd6 29. Qxd6 Nxd6 30. Ne7 Bf5 31. Nxg8 Rxg8 32. Rxh6+ Bh7 33.
Rxg8+ Kxg8 34. Rxd6 Bf5 35. g4 Bh7 36. Kc1 Kf8 37. Rd7 Bg6 38. Kd2 Ke8 39. Rxb7
a5 40. Ke3 a4 41. Bb5+ Kf8 42. Kf4 e3 43. fxe3 Bxc2 44. Ke5 Bg6 45. Kf6 Kg8 46.
Bc4+ Kf8 47. Rb8+ Be8 48. Bf7 a3 49. Rxe8# 1-0